| 000 | 01686cam a2200337 a 4500 | ||
|---|---|---|---|
| 001 | 1026944 | ||
| 003 | OSt | ||
| 005 | 20251105154632.0 | ||
| 008 | 880630s1988 pe a b 000 0 spa | ||
| 040 | _cCAAAP | ||
| 041 | _aspa | ||
| 050 |
_aFP 37 _bM22 |
||
| 100 | 1 |
_aManrique, Nelson _91372 |
|
| 245 | 1 | 0 |
_aYawar Mayu : _bsociedades terratenientes serranas, 1879-1910 / _cNelson Manrique. |
| 250 | _a1ra edición | ||
| 260 |
_aLima, Perú : _bInstituto Francés de Estudios Andinos : _bDesco, _c1988. |
||
| 300 |
_a201 páginas : _b fotografias ; _c21 x 15 cm. |
||
| 490 | 1 | _aTomo 39 de la Colección Travaux de l'IFEA | |
| 504 | _aBibliografía: p. 195-200. | ||
| 505 | _aLa guerra y las fiestas: conflictos etnicos y clasistas en la sierra central durante la guerra con Chile -- Las movilizaciones antiterratenientes de la postguerra en la sierra central (1884-1902) -- Poder políticoy sociedad terrateniente. | ||
| 520 | _aDesde la conquista, la historia del Perú ha estado atravesada por el sordo enfrentamiento entre indios y blancos. Pero es en las sociedades terratenientes serranas donde este conflicto alcanza su mayor expresión. Yawar Mayu explora ese enfrentamiento en el terreno político, en su doble expresión de conflicto étnico y clasista. | ||
| 650 | 0 |
_aIndígenas de América del Sur _zPerú _xCondiciones sociales _92235 |
|
| 650 | 0 |
_aTenencia de la Tierra _zPeru. _9680 |
|
| 650 | 0 |
_aGuerra _91090 |
|
| 650 | 0 |
_aElite (Social sciences) _zPeru. |
|
| 651 | 0 |
_aPeru _xSocial conditions. |
|
| 710 | 2 | _aInstitut français d'études andines. | |
| 710 | 2 | _aDesco. | |
| 830 | 0 |
_aTravaux de l'Institut français d'études andines ; _vt. 39. |
|
| 942 |
_2lcc _cBK |
||
| 999 |
_c1082 _d1082 |
||